[Event "Maringa op 1st"]
[White "De Miranda, Ana Luisa Ferreira"]
[Black "Soares, Francisco Bohatch"]
[Site "Maringa"]
[Round "5"]
[Result "1-0"]
[Date "2024.07.28"]
[WhiteElo "1763"]
[BlackElo "1800"]
[PlyCount "87"]
[EventDate "2024.07.26"]
[EventType "swiss"]
[EventRounds "6"]
[EventCountry "BRA"]
[SourceTitle "CBM 221 Extra"]
[Source "ChessBase"]
[SourceDate "2024.09.30"]
[SourceVersion "1"]
[SourceVersionDate "2024.09.30"]
[SourceQuality "1"]

1. e4 d6 2. d4 Nf6 3. Nc3 g6 4. Nf3 Bg7 5. Bc4 0-0 6. Bf4 Nbd7 7. Qd2 Nb6 8. Bb3 Re8 9. 0-0-0 Bg4 10. Qe3 Nfd7 11. Bh6 Bxf3 12. gxf3 e5 13. Bxg7 Kxg7 14. h4 h5 15. Rdg1 Qf6 16. Ne2 exd4 17. Nxd4 d5 18. Nf5+ Qxf5 19. exf5 Rxe3 20. fxe3 Re8 21. Kd2 Ne5 22. Ke2 a5 23. c3 a4 24. Bc2 Nc6 25. fxg6 f6 26. Kd2 Ne5 27. Rh3 Nbd7 28. b4 axb3 29. Bxb3 Nc5 30. Bxd5 Rd8 31. c4 b5 32. e4 bxc4 33. f4 Nxe4+ 34. Ke3 Rxd5 35. Kxe4 Nd3 36. Rxd3 Rxd3 37. Rc1 Rd2 38. a4 Rh2 39. Rxc4 Rxh4 40. Kf5 Rh1 41. Rxc7+ Kg8 42. Kxf6 Re1 43. Rc8+ Re8 44. Rxe8# 1-0

[Event "Maringa op 1st"]
[White "Soares, Francisco Bohatch"]
[Black "Martins, Laurel Gilberto"]
[Site "Maringa"]
[Round "3"]
[Result "1-0"]
[Date "2024.07.27"]
[WhiteElo "1800"]
[BlackElo "1800"]
[PlyCount "41"]
[EventDate "2024.07.26"]
[EventType "swiss"]
[EventRounds "6"]
[EventCountry "BRA"]
[SourceTitle "CBM 221 Extra"]
[Source "ChessBase"]
[SourceDate "2024.09.30"]
[SourceVersion "1"]
[SourceVersionDate "2024.09.30"]
[SourceQuality "1"]

1. e4 e5 2. Nf3 Nc6 3. Bb5 Bc5 4. Nc3 Nf6 5. 0-0 d6 6. Bxc6+ bxc6 7. h3 0-0 8. d3 Be6 9. Re1 d5 10. d4 exd4 11. Nxd4 Bxd4 12. Qxd4 Qd6 13. e5 c5 14. Qd1 Qa6 15. exf6 g6 16. Nxd5 Bxd5 17. Qxd5 Rad8 18. Qxc5 Rd6 19. Qxc7 Rxf6 20. Bh6 Rc8 21. Qe7 1-0

[Event "Maringa op 1st"]
[White "Soares, Francisco Bohatch"]
[Black "Vicente, Livia Gazzi"]
[Site "Maringa"]
[Round "4"]
[Result "0-1"]
[Date "2024.07.27"]
[WhiteElo "1800"]
[BlackElo "1741"]
[PlyCount "70"]
[EventDate "2024.07.26"]
[EventType "swiss"]
[EventRounds "6"]
[EventCountry "BRA"]
[SourceTitle "CBM 221 Extra"]
[Source "ChessBase"]
[SourceDate "2024.09.30"]
[SourceVersion "1"]
[SourceVersionDate "2024.09.30"]
[SourceQuality "1"]

1. e4 e5 2. Nf3 Nc6 3. Bb5 Nf6 4. 0-0 Nxe4 5. Re1 Nf6 6. Nxe5 Nxe5 7. Rxe5+ Be7 8. Nc3 0-0 9. d4 Bd6 10. Re2 Re8 11. Bg5 Be7 12. Bxf6 Bxf6 13. Rxe8+ Qxe8 14. Qe1 Qd8 15. Qe2 b6 16. Qe4 Rb8 17. Bd3 g6 18. Qf4 Bg5 19. Qe5 Bb7 20. Be4 Ba6 21. f4 Bf6 22. Qd5 c6 23. Qd6 Be7 24. Qe5 d6 25. Qxe7 Qxe7 26. Bxc6 Bb7 27. Nd5 Qe2 28. Bxb7 Rxb7 29. Rc1 Qd2 30. Nf6+ Kg7 31. Rf1 Qxd4+ 32. Rf2 Qxf6 33. f5 gxf5 34. Rxf5 Qxf5 35. Kh1 Qf1# 0-1

[Event "Maringa op 1st"]
[White "Ribeiro, Gabriel Henrique Pi"]
[Black "Soares, Francisco Bohatch"]
[Site "Maringa"]
[Round "1"]
[Result "1-0"]
[Date "2024.07.26"]
[WhiteElo "1798"]
[BlackElo "1800"]
[PlyCount "45"]
[EventDate "2024.07.26"]
[EventType "swiss"]
[EventRounds "6"]
[EventCountry "BRA"]
[SourceTitle "CBM 221 Extra"]
[Source "ChessBase"]
[SourceDate "2024.09.30"]
[SourceVersion "1"]
[SourceVersionDate "2024.09.30"]
[SourceQuality "1"]

1. e4 d6 2. d4 Nf6 3. Nc3 g6 4. Nf3 Bg7 5. Be3 0-0 6. h3 Nbd7 7. Bd3 e5 8. dxe5 Nxe5 9. Nxe5 dxe5 10. Bc4 b6 11. Bd5 Nxd5 12. Nxd5 Bb7 13. c4 Bxd5 14. cxd5 Qf6 15. 0-0 Rfd8 16. Qa4 Qh4 17. Rac1 f5 18. Rxc7 f4 19. Bd2 f3 20. Rfc1 Rf8 21. Be3 Bh6 22. Qd7 fxg2 23. Qxh7# 1-0